Statistics for History by Picture - N

Click here to take the quiz!

General Stats

  • This quiz has been taken 31,698 times
    (31,661 since last reset)
  • The average score is 13 of 18

Answer Stats

Answer% Correct
Napoleon
98%
Richard Nixon
92%
Notre Dame
89%
Isaac Newton
88%
North Korea
88%
{Norse} mythology
83%
Neptune
81%
Normandy
81%
Neanderthal
79%
{Nuremberg} Trials
75%
Naples
67%
Alfred Nobel
64%
The {Neolithic}
64%
Florence Nightingale
62%
Nefertiti
56%
Nunavut
40%
Nubia
34%
{Nazca} Lines
31%

Score Distribution

Percentile by Number Answered

Percent of People with Each Score

Your Score History

You have not taken this quiz since the last reset